00797cam a2200217 a 450000500170000000800410001702000180005804000350007604100080011104400070011908200180012610000340014424500850017825000110026326000870027430000610036150400620042265000280048465000330051270000340054520160801100151.0080603s2007 ck ad r 000 0 spa d a9789588317366 aCO-BoPUJcCO-BoIAVHdCO-BoIAVH0 aspa ack04a306.364bA72s1 aArcila Niño, Oscar Hernando10aSur del Metabterritorio amazónicocOscar Arcila Niño y Carlos Ariel Salazar a1a ed. aBogotá :bInstituto Amazónico de Investigaciones Científicas, SINCHI,c2007. a201 páginas :bilustraciones, tablas a color ;c28 cm. aIncluye referencias bibliográficas (páginas 189-194).14aGeografía económica24aDinámica de la población1 aSalazar Cardona, Carlos Ariel